Loading...
Literature - American Literature | 0 | 4 | 0 | 0 | 40 | 115 | 129.50 | 0 | 2 |
History - European History | 1 | 3 | 1 | 0 | 40 | 54 | 86.00 | 1 | 4 |
Literature - British Literature | 0 | 3 | 0 | 2 | 30 | 106 | 129.33 | 0 | 1 |
Mythology | 1 | 2 | 2 | 0 | 25 | 74 | 110.33 | 0 | 3 |
History - Other History | 0 | 3 | 1 | 2 | 25 | 118 | 126.00 | 0 | 1 |
Philosophy | 0 | 2 | 0 | 0 | 20 | 116 | 121.00 | 0 | 2 |
Fine Arts - Auditory Fine Arts | 0 | 1 | 0 | 1 | 10 | 135 | 135.00 | 0 | 1 |
History - American History | 0 | 2 | 2 | 1 | 10 | 75 | 110.00 | 1 | 2 |
History - World History | 1 | 0 | 1 | 0 | 10 | 45 | 45.00 | 0 | 1 |
Literature - European Literature | 0 | 1 | 0 | 1 | 10 | 135 | 135.00 | 0 | 1 |
Science - Other Science | 0 | 1 | 0 | 0 | 10 | 98 | 98.00 | 0 | 1 |
Fine Arts - Other Fine Arts | 0 | 1 | 1 | 0 | 5 | 143 | 143.00 | 0 | 1 |
Pop Culture | 0 | 1 | 1 | 0 | 5 | 122 | 122.00 | 1 | 1 |
Religion | 0 | 1 | 2 | 0 | 0 | 142 | 142.00 | 0 | 1 |
Other Academic | 0 | 0 | 1 | 0 | -5 | 0.00 | 0 | 0 | |
Social Science | 0 | 0 | 3 | 0 | -15 | 0.00 | 0 | 0 | |
Fine Arts - Visual Fine Arts | 0 | 0 | 3 | 0 | -15 | 0.00 | 0 | 0 |